| 000 | 00955nam a22002537a 4500 | ||
|---|---|---|---|
| 005 | 20090429113428.0 | ||
| 008 | 090429t xxu||||| |||| 00| 0 eng d | ||
| 010 | _aENG-93308 | ||
| 020 |
_a8189886061 _c650.00 |
||
| 020 |
_a9788189886066 _c650.00 |
||
| 035 | _aEN-76841 | ||
| 037 | _bDBAD / PUB | ||
| 040 |
_adpl _bEnglish |
||
| 082 | _a332.1753 | ||
| 100 | _aSha Alam | ||
| 245 |
_aConsumer credit programme of commercial banks in Bangladesh / _cby Sha Alam [and] Anil Bhuimali |
||
| 260 |
_aDelhi _bAbhijeet Publications _c2007 |
||
| 270 |
_a2/46, Tukhmeerpur Extension _bDelhi _e110094 |
||
| 300 |
_ax, 262p. _c22cm (Hb) |
||
| 500 | _aIncludes bibliographical references | ||
| 700 | _aBhuimali, Anil | ||
| 942 |
_2ddc _cEN _mSHA _h332.1753 |
||
| 999 |
_c25916 _d25916 |
||